Princezná s dlhým nosom

Bibliographic Details
Main Author: Lasica, Milan, 1940-2021 (Author)
Format: Article
Language:Slovak
Subjects:

MARC

LEADER 00000nab a2200000 a 4500
001 vtls000273842
003 SK-MaSNL
005 20260302213820.0
008 111130c1987 xo 0 slo
015 |a SNBRB19rr/mm-uuuuu 
035 |a CL0283956 
040 |a SNKBUCL  |b slo  |c SNKBUCL  |e AACR2 
041 0 |a slo 
044 |a xo  |c SK 
080 |a 885.4-1  |2 1981 
100 1 |a Lasica, Milan,  |d 1940-2021  |4 aut  |9 93511 
245 1 0 |a Princezná s dlhým nosom  |c Milan Lasica 
650 0 7 |a básne humoristické  |2 snkbucl  |9 893934 
655 7 |a články z novín a časopisov  |2 snkbucl  |9 267496 
655 7 |a články z odboru literárna veda a krásna literatúra  |2 snkbucl  |9 770045 
773 0 |t Roľnícke noviny  |g Roč. 42, č. 12 (16. 1. 1987), s. /6/ 
850 |a Slovenská národná knižnica v Martine  |a MTA001 
852 |a SNK  |b KIS3GCP 
958 |a RK 
958 |a LX 
992 |a RBX 
999 |c 1495083  |d 1497013